ملف عبد الحليم موسى : (Record no. 14112)
[ view plain ]
| 000 -LEADER | |
|---|---|
| fixed length control field | 00983nam a22002057a 4500 |
| 008 - FIXED-LENGTH DATA ELEMENTS--GENERAL INFORMATION | |
| fixed length control field | 100617t xxu||||| |||| 00| 0 eng d |
| 082 ## - DEWEY DECIMAL CLASSIFICATION NUMBER | |
| Edition number | 22 |
| Classification number | 364.131 |
| Item number | خ ف ا |
| 100 ## - MAIN ENTRY--PERSONAL NAME | |
| 9 (RLIN) | 14865 |
| Personal name | خفاجى، عمرو |
| 245 ## - TITLE STATEMENT | |
| Title | ملف عبد الحليم موسى : |
| Remainder of title | من اغتيال رفعت المحجوب والصراع مع حسن الألفي إلى وساطة الشيخ الشعراوي / |
| Statement of responsibility, etc | عمرو خفاجى |
| 260 ## - PUBLICATION, DISTRIBUTION, ETC. (IMPRINT) | |
| Place of publication, distribution, etc | [القاهرة] : |
| Name of publisher, distributor, etc | دار سفنكس، 1993 |
| Date of publication, distribution, etc | 1993 |
| 300 ## - PHYSICAL DESCRIPTION | |
| Extent | 175 ص ؛ |
| Dimensions | 19 سم |
| 650 ## - SUBJECT ADDED ENTRY--TOPICAL TERM | |
| 9 (RLIN) | 14868 |
| Topical term or geographic name as entry element | الجرائم السياسية |
| 650 ## - SUBJECT ADDED ENTRY--TOPICAL TERM | |
| 9 (RLIN) | 8304 |
| Topical term or geographic name as entry element | الإرهاب. |
| 650 ## - SUBJECT ADDED ENTRY--TOPICAL TERM | |
| 9 (RLIN) | 14870 |
| Topical term or geographic name as entry element | الاغتيال |
| 650 ## - SUBJECT ADDED ENTRY--TOPICAL TERM | |
| 9 (RLIN) | 14871 |
| Topical term or geographic name as entry element | الفساد السياسي |
| 650 ## - SUBJECT ADDED ENTRY--TOPICAL TERM | |
| 9 (RLIN) | 14872 |
| Topical term or geographic name as entry element | المؤامرات |
| 650 ## - SUBJECT ADDED ENTRY--TOPICAL TERM | |
| 9 (RLIN) | 14873 |
| Topical term or geographic name as entry element | التخريب والتدمير |
| 942 ## - ADDED ENTRY ELEMENTS (KOHA) | |
| Source of classification or shelving scheme | Dewey Decimal Classification |
| Item type | Book - Borrowing |
| Withdrawn status | Item status | Source of classification or shelving scheme | Damaged status | Not for loan | Vendor | Home library | Current library | Shelving location | Date acquired | Source of acquisition | Total Checkouts | Full call number | Barcode | Date last seen | Koha item type |
|---|---|---|---|---|---|---|---|---|---|---|---|---|---|---|---|
| Dewey Decimal Classification | Central Library | Central Library | First floor | 17/06/2010 | Donation | 364.131 خفا | 000020412 | 15/07/2025 | Book - Borrowing |